Gender and law : (Record no. 3141)

MARC details
000 -LEADER
fixed length control field 00750cam a22002172 4500
001 - CONTROL NUMBER
control field 0000007008
005 - DATE AND TIME OF LATEST TRANSACTION
control field 20151217145834.0
008 - FIXED-LENGTH DATA ELEMENTS--GENERAL INFORMATION
fixed length control field 071107s xx 000 0 eng d
020 ## - INTERNATIONAL STANDARD BOOK NUMBER
International Standard Book Number 9966925139 :
Terms of availability KES 800
040 ## - CATALOGING SOURCE
Original cataloging agency KABU
Transcribing agency KABU
245 10 - TITLE STATEMENT
Title Gender and law :
Remainder of title Eastern Africa speaks /
Statement of responsibility, etc. ed. by Gita Gopal and Maryam Salim.
260 ## - PUBLICATION, DISTRIBUTION, ETC. (IMPRINT)
Place of publication, distribution, etc. Nairobi :
Name of publisher, distributor, etc. Quest & Insight,
Date of publication, distribution, etc. 2001.
300 ## - PHYSICAL DESCRIPTION
Extent ix, 229 p.
650 #0 - SUBJECT ADDED ENTRY--TOPICAL TERM
Topical term or geographic name as entry element Women
Location of event Africa, Eastern
Form subdivision Congresses
General subdivision Legal status, law, etc.
-- 0000158016
700 1# - ADDED ENTRY--PERSONAL NAME
Personal name Gopal, Gita.
-- 0000158017
700 1# - ADDED ENTRY--PERSONAL NAME
Personal name Salim, Maryam.
-- 0000158018
852 1# - LOCATION
-- p1140 KES
852 1# - LOCATION
-- p1140 KES
908 ## - PUT COMMAND PARAMETER (RLIN)
Put command parameter 071107
950 ## - LOCAL HOLDINGS (RLIN)
-- 1
Holdings
Withdrawn status Lost status Source of classification or shelving scheme Not for loan Home library Current library Date acquired Total Checkouts Full call number Barcode Date last seen Date last checked out Price effective from Koha item type Total Renewals Checked out
    Library of Congress Classification   Kabarak, Main Campus Kabarak, Main Campus 17/12/2015 7 KQC145 .W64G46 c. 5 013354 11/11/2024 10/11/2024 17/12/2015 General Collection    
    Library of Congress Classification   Kabarak, Main Campus Kabarak, Main Campus 17/12/2015 7 KQC145 .W64G46 c. 4 013353 23/05/2024 23/05/2024 17/12/2015 General Collection 1 10/06/2024
    Library of Congress Classification   Kabarak, Main Campus Kabarak, Main Campus 17/12/2015 1 KQC145 .W64G46 c. 2 010986 27/05/2019 13/05/2019 17/12/2015 General Collection    
    Library of Congress Classification   Kabarak, Main Campus Kabarak, Main Campus 17/12/2015 16 KQC145 .W64G46 c. 3 19695 14/10/2024 23/09/2024 17/12/2015 General Collection 2  
    Library of Congress Classification   Kabarak, Main Campus Kabarak, Main Campus 17/12/2015   KQC145 .W64G46 c. 1 012914 17/12/2015   17/12/2015 Africana Collection    
Designed with assistance from East African Informatics Ltd